| 000 | 00584nam a22001937a 4500 | ||
|---|---|---|---|
| 999 |
_c15718 _d15718 |
||
| 003 | AR-CdUCM | ||
| 008 | 190429b ||||| |||| 00| 0 spa d | ||
| 040 |
_aMUNICIPALIDAD PROVINCIAL DEL CUSCO _cBIBLIOTECA MUNICIPAL DEL CUSCO |
||
| 082 |
_aC / 759.54 / _bM986 |
||
| 110 |
_aMuseo Municipal de Arte Contemporáneo Cusco _934884 |
||
| 245 | _aPlástica Italiana / | ||
| 260 |
_aCusco : _bCBC, _c1997. |
||
| 300 |
_a24 páginas ; _c24 cm. |
||
| 505 | _aExposición artística. | ||
| 650 |
_aArte. _9561 |
||
| 650 |
_aPlastica Italiana. _934885 |
||
| 942 |
_2ddc _cLIBROS |
||
| 945 | _awfj | ||